Tulasī-padāvalī; (Record no. 64619)
[ view plain ]
| 000 -LEADER | |
|---|---|
| fixed length control field | 00713cam a22002291 4500 |
| 001 - CONTROL NUMBER | |
| control field | sa 65006315 |
| 003 - CONTROL NUMBER IDENTIFIER | |
| control field | DLC |
| 005 - DATE AND TIME OF LATEST TRANSACTION | |
| control field | 20260227112141.0 |
| 008 - FIXED-LENGTH DATA ELEMENTS--GENERAL INFORMATION | |
| fixed length control field | 890703s1965 ii 000 0 hino |
| 010 ## - LIBRARY OF CONGRESS CONTROL NUMBER | |
| LC control number | sa 65006315 |
| 035 ## - SYSTEM CONTROL NUMBER | |
| System control number | (OCoLC)19959036 |
| 040 ## - CATALOGING SOURCE | |
| Original cataloging agency | DLC |
| Transcribing agency | WaU |
| Modifying agency | NRU |
| -- | DLC |
| 042 ## - AUTHENTICATION CODE | |
| Authentication code | premarc |
| 050 00 - LIBRARY OF CONGRESS CALL NUMBER | |
| Classification number | PK2095.T8 |
| Item number | A6 1965 |
| 100 0# - MAIN ENTRY--PERSONAL NAME | |
| Personal name | Tulasīdāsa, |
| Dates associated with a name | 1532-1623. |
| 245 00 - TITLE STATEMENT | |
| Title | Tulasī-padāvalī; |
| Remainder of title | jīvana-paricaya evaṃ kāvya-saṅkalana. |
| Statement of responsibility, etc. | Sampādaka Barsāne Lāla Caturvedī. |
| 250 ## - EDITION STATEMENT | |
| Edition statement | [1. saṃskara i.e. saṃskaraṇa] |
| 260 ## - PUBLICATION, DISTRIBUTION, ETC. | |
| Place of publication, distribution, etc. | Mathurā, |
| Name of publisher, distributor, etc. | Sāhitya Saṅgama |
| Date of publication, distribution, etc. | [1965] |
| 300 ## - PHYSICAL DESCRIPTION | |
| Extent | 24, 34-160 p. |
| Dimensions | 19 cm. |
| 500 ## - GENERAL NOTE | |
| General note | In Hindi. |
| 700 1# - ADDED ENTRY--PERSONAL NAME | |
| Personal name | Chaturvedi, Barsane Lal, |
| Dates associated with a name | 1920- |
No items available.